000 00345nam a2200157 4500
008 190521s1997||||CZ d
245 1 0 _aEKG pro praxi
260 _bGRADA
_aPraha
_c1997
100 1 _aHampton J.R.
_91117
250 _a1.vydanie
300 _a320s.
020 _a8071694266
_c0
041 1 _acze
044 _aCZ
958 _aAUL
999 _c22413
_d22413